| 000 | 00758nam a2200241Ia 4500 | ||
|---|---|---|---|
| 003 | OSt | ||
| 005 | 20220925194830.0 | ||
| 006 | a|||||r|||| 00| 0 | ||
| 007 | ta | ||
| 008 | 220923b |||||||| |||| 00| 0 eng d | ||
| 037 | _cGeneral Book | ||
| 040 |
_aRTL _cRTL _beng |
||
| 041 |
_2eng _aeng |
||
| 082 | _aX72.8.N81r, M1/GD | ||
| 110 | _aAustralia, Parliament of the Commonwealth | ||
| 245 | 0 | _aReport of the Public inquiry into income tax zone allowance june 1981. | |
| 260 |
_aCanberra _bAustralia Govt. Publishing _c1981 |
||
| 300 |
_avii;61p _ccm. |
||
| 500 | _aParliamentary paper no. 149 | ||
| 700 | _aAustralia, Parliament of the Commonwealth | ||
| 942 |
_hX72.8.N81r, M1/GD _cGB _2CC |
||
| 999 |
_c530882 _d530882 |
||